000 00697nam a2200253 i 4500
001 C2-0218341
003 PPAK
005 20180728110758.0
008 990727s1978 my |||| ||||| | may d
020 _a0195819438
040 _aPPAK
_beng
_cPPAK
_erda
082 0 4 _a510.76
_2 23
090 0 0 _a510.76
_bONG
_dKSA
100 1 _aHuat, Cheah Tat,
_eauthor
100 1 _aTheam, Tan Beng,
_eauthor
245 1 0 _aMatematika tulen
264 1 _aKuala Lumpur :
_bFajar Bakti ,
_c1978
300 _ax, 553 pages ;
_c21 cm
336 _2rdacontent
_atext
337 _2rdamedia
_aunmediated
338 _2rdacarrier
_avolume
650 1 0 _aMathematics - Problems, exercises, etc.
942 _ddc
_cB
999 _c161277
_d161277